|
|
|
|
| LEADER |
01053nam a2200265 a 4500 |
| 001 |
12834457 |
| 008 |
120708s2003 enka b 001 0 eng d |
| 010 |
|
|
|a 2002068164
|
| 020 |
|
|
|a 0415185629
|
| 020 |
|
|
|a 0415185637 (pbk.)
|
| 020 |
|
|
|a 9780415185622
|
| 020 |
|
|
|a 9780415185639
|
| 040 |
|
|
|a DLC
|c DLC
|d C#P
|d UKM
|d UBA
|d NLGGC
|d MUQ
|d DLC
|d BD-DhAAL
|
| 082 |
0 |
0 |
|a 363.7/0561
|2 21
|
| 100 |
1 |
|
|a Forsyth, Tim.
|
| 245 |
1 |
0 |
|a Critical political ecology :
|b the politics of environmental science /
|c Tim Forsyth.
|
| 260 |
|
|
|a London ;
|a New York :
|b Routledge,
|c 2003.
|
| 300 |
|
|
|a xvi, 320 p. :
|b ill. ;
|c 24 cm.
|
| 504 |
|
|
|a Includes bibliographical references (p. [280]-310) and index.
|
| 541 |
|
|
|a 00025567
|
| 650 |
|
0 |
|a Environmental policy.
|
| 650 |
|
0 |
|a Environmental sciences
|x Political aspects.
|
| 852 |
1 |
|
|a Ayesha Abed Library
|j General shelf
|
| 999 |
|
|
|c 12523
|d 12523
|
| 952 |
|
|
|0 0
|1 0
|2 ddc
|4 0
|6 363_705610000000000_FOR
|7 0
|9 20681
|a IGS
|b IGS
|c GEN
|d 2012-07-08
|e Riza Enterprise
|g 3670.00
|l 1
|m 4
|o 363.70561 FOR
|p 3010025567
|r 2014-06-09
|s 2012-12-19
|t 1
|w 2012-07-08
|y BK
|